Perú, edén natural de aves (Registro nro. 267)

Detalles MARC
000 -Cabecera
Campo de control interno 00669nam a2200241Ia 4500
005 - Fecha y hora del registro
control field 20251205091721.0
008 - Elementos de Longitud Fija
fixed length control field 251203t2005||||xx |||||||||||||| ||spa||
020 ## - ISBN
ISBN 9972976556
041 ## - Idioma
Codigo Idioma Español-Inglés
082 ## - DEWEY y NOTACIÓN INTERNA
Dewey 598.0985
Notación Interna V915
100 ## - AUTOR
Autor denominación Valqui, Thomas
Títulos y otras palabras asociadas con el nombre AUT
245 #0 - TÍTULO DE MATERIAL BIBLIOGRÁFICO
Título Perú, edén natural de aves
246 ## - TÍTULO TRADUCIDO
Título Perú, natural eden of birds5
Autor Widdowson, Bud y Margaret
250 ## - EDICIÓN
Edición Primera edición
260 ## - CIUDAD, EDITORIAL, AÑO
Ciudad Lima
Nombre de la Editorial Graph & Consult
Año 2005
300 ## - DESCRIPCIÓN
N° Páginas 199 páginas :
Otros detalles ilustraciones ;
Dimensiones 28 cm.
650 ## - TEMAS
Temas Ciencias Sociales
653 ## - DESCRIPTORES
Lenguajes no controlado Aves terrestres, Perú
654 ## - PROGRAMAS
Programa Todos los programas
700 ## - OTROS AUTORES
Otros autores Dalton, Milagro
Títulos y otras palabras asociadas con el nombre traductor
942 ## - ELEMENTOS DE KOHA
Tipo de documento Libro
Nombre del creador Justo Noguera
Código de catalogador Mirtha Ponce
Esquema de clasificación Dewey Decimal Classification
Existencias
Codigo completo Registro Colección Copia número Disponibilidad Tipo de préstamo Biblioteca Actual Procedencia (Biblioteca) Ubicacón Fecha Ingreso Tipo de Adquisición Date last seen Total checkouts Price effective from Tipo de Item Estado del Material Fuente de Clasificación Damaged status Withdrawn status
598.0985 V915 1085146 Colección Vera Bejar 1   Restringido Víctor Andrés Belaunde Víctor Andrés Belaunde Planta baja cerrada 03/12/2025 Donación 03/12/2025   03/12/2025 Libro Bueno Dewey Decimal Classification   Withdrawn